| 000 | 01471nam a2200217 a 4500 | ||
|---|---|---|---|
| 005 | 20260322212022.0 | ||
| 008 | data | ||
| 020 | _a9780111745830 | ||
| 099 | _aDVD 893 | ||
| 100 | 1 |
_aNolan, Christopher, _d1970- |
|
| 245 | 1 | 0 |
_aInterstellar. _cdirected by Christopher Nolan ; written by Jonathan Nolan and Christopher Nolan ; produced by Emma Thomas ; produced by Christopher Nolan ; produced by Lynda Obst ; a Paramount Pictures and Warner Bros. Pictures presention ; in association with Legendary Pictures ; a Syncopy/Lynda Obst Productions production ; a film by Christopher Nolan. Music, Hans Zimmer ; editor, Lee Smith ; director of photography, Hoyte van Hoytema. |
| 260 |
_aHollywood, CA : _bParamount Pictures Corporation; Warner Bros. Pictures, _c2015. |
||
| 300 |
_a1 videodisc (168 min.) : sound, color ; _b4 3/4 in. |
||
| 500 | _aMatthew McConaughey, Anne Hathaway, Jessica Chastain, Bill Irwin, Ellen Burstyn, Michael Caine./ Originally released as a motion picture in 2014./ Wide screen./ Audience: MPAA rating: PG-13; for some intense perilous action and brief strong language. | ||
| 520 | _aWith our time on Earth coming to an end, a team of explorers undertakes the most important mission in human history; traveling beyond this galaxy to discover whether mankind has a future among the stars. | ||
| 650 | 0 | _aAdventure films | |
| 650 | 0 | _aScience fiction films | |
| 700 | 1 |
_aMcConaughey, Matthew, _d1969- |
|
| 700 | 1 |
_aHathaway, Anne, _d1982- |
|
| 001 | data | ||
| 999 |
_c492 _d492 |
||